<?xml version="1.0" encoding="UTF-8"?>
<record
    xmlns:xsi="http://www.w3.org/2001/XMLSchema-instance"
    xsi:schemaLocation="http://www.loc.gov/MARC21/slim http://www.loc.gov/standards/marcxml/schema/MARC21slim.xsd"
    xmlns="http://www.loc.gov/MARC21/slim">

  <leader>00978cam a2200277 a 4500</leader>
  <controlfield tag="001">56643147</controlfield>
  <controlfield tag="003">OCoLC</controlfield>
  <controlfield tag="005">20161205131747.0</controlfield>
  <controlfield tag="007">cr mnu        </controlfield>
  <controlfield tag="008">040722s2010    gw a     b    001 0 eng  </controlfield>
  <datafield tag="015" ind1=" " ind2=" ">
    <subfield code="a">GBA458062</subfield>
    <subfield code="2">bnb</subfield>
  </datafield>
  <datafield tag="020" ind1=" " ind2=" ">
    <subfield code="a">3540224521</subfield>
  </datafield>
  <datafield tag="020" ind1=" " ind2=" ">
    <subfield code="a">9783642061271</subfield>
  </datafield>
  <datafield tag="040" ind1=" " ind2=" ">
    <subfield code="a">UKM</subfield>
    <subfield code="c">UKM</subfield>
    <subfield code="d">HNK</subfield>
    <subfield code="d">C#P</subfield>
  </datafield>
  <datafield tag="050" ind1=" " ind2="4">
    <subfield code="a">T174.7</subfield>
    <subfield code="b">.N3736 2005</subfield>
  </datafield>
  <datafield tag="082" ind1="0" ind2="4">
    <subfield code="a">620.5</subfield>
    <subfield code="2">22</subfield>
    <subfield code="b">NAN</subfield>
  </datafield>
  <datafield tag="245" ind1="0" ind2="0">
    <subfield code="a">Nanotechnology and nanoelectronics :</subfield>
    <subfield code="b">materials, devices, measurement techniques /</subfield>
    <subfield code="c">W.R. Fahrner (editor)</subfield>
  </datafield>
  <datafield tag="260" ind1=" " ind2=" ">
    <subfield code="a">Berlin ;</subfield>
    <subfield code="a">New York :</subfield>
    <subfield code="b">Springer-Verlag,</subfield>
    <subfield code="c">c2010</subfield>
  </datafield>
  <datafield tag="300" ind1=" " ind2=" ">
    <subfield code="a">xvi, 269 p. :</subfield>
    <subfield code="b">ill. ;</subfield>
    <subfield code="c">24 cm</subfield>
  </datafield>
  <datafield tag="504" ind1=" " ind2=" ">
    <subfield code="a">Includes bibliographical references (p. [239]-260) and index</subfield>
  </datafield>
  <datafield tag="530" ind1=" " ind2=" ">
    <subfield code="a">Also available online</subfield>
  </datafield>
  <datafield tag="650" ind1=" " ind2="0">
    <subfield code="a">Nanotechnology</subfield>
    <subfield code="9">57213</subfield>
  </datafield>
  <datafield tag="700" ind1="1" ind2=" ">
    <subfield code="a">Fahrner, W. R.</subfield>
    <subfield code="q">(Wolfgang R.)</subfield>
    <subfield code="9">57214</subfield>
  </datafield>
  <datafield tag="856" ind1="4" ind2="1">
    <subfield code="z">Connect to resource online</subfield>
    <subfield code="u">http://ebooks.ohiolink.edu/xtf-ebc/view?docId=tei/sv/3540266216/3540266216.xml</subfield>
  </datafield>
  <datafield tag="942" ind1=" " ind2=" ">
    <subfield code="2">ddc</subfield>
    <subfield code="c">BOOK</subfield>
  </datafield>
  <datafield tag="999" ind1=" " ind2=" ">
    <subfield code="c">39975</subfield>
    <subfield code="d">274475</subfield>
  </datafield>
  <datafield tag="952" ind1=" " ind2=" ">
    <subfield code="1">0</subfield>
    <subfield code="2">2017-08-04</subfield>
    <subfield code="4">0</subfield>
    <subfield code="7">0</subfield>
    <subfield code="a">620.5 NAN</subfield>
    <subfield code="d">2017-08-04</subfield>
    <subfield code="h">EZF</subfield>
    <subfield code="i">00656302</subfield>
    <subfield code="m">EZF</subfield>
    <subfield code="r">2017-08-04 00:00:00</subfield>
    <subfield code="t">BOOK</subfield>
    <subfield code="w">ddc</subfield>
    <subfield code="y">0</subfield>
  </datafield>
  <datafield tag="952" ind1=" " ind2=" ">
    <subfield code="1">0</subfield>
    <subfield code="2">2017-08-04</subfield>
    <subfield code="4">0</subfield>
    <subfield code="7">0</subfield>
    <subfield code="a">620.5 NAN</subfield>
    <subfield code="d">2017-08-04</subfield>
    <subfield code="h">EZF</subfield>
    <subfield code="i">00656303</subfield>
    <subfield code="m">EZF</subfield>
    <subfield code="r">2017-08-04 00:00:00</subfield>
    <subfield code="t">BOOK</subfield>
    <subfield code="w">ddc</subfield>
    <subfield code="y">0</subfield>
  </datafield>
  <datafield tag="952" ind1=" " ind2=" ">
    <subfield code="1">0</subfield>
    <subfield code="2">2018-08-15</subfield>
    <subfield code="4">0</subfield>
    <subfield code="7">0</subfield>
    <subfield code="a">620.5 NAN</subfield>
    <subfield code="d">2018-08-15</subfield>
    <subfield code="h">CL</subfield>
    <subfield code="i">00656678</subfield>
    <subfield code="m">CL</subfield>
    <subfield code="r">2018-08-15 00:00:00</subfield>
    <subfield code="t">BOOK</subfield>
    <subfield code="w">ddc</subfield>
    <subfield code="y">0</subfield>
  </datafield>
  <datafield tag="952" ind1=" " ind2=" ">
    <subfield code="1">0</subfield>
    <subfield code="2">2018-08-15</subfield>
    <subfield code="4">0</subfield>
    <subfield code="7">0</subfield>
    <subfield code="a">620.5 NAN</subfield>
    <subfield code="d">2018-08-15</subfield>
    <subfield code="h">CL</subfield>
    <subfield code="i">00656679</subfield>
    <subfield code="m">CL</subfield>
    <subfield code="r">2018-08-15 00:00:00</subfield>
    <subfield code="t">BOOK</subfield>
    <subfield code="w">ddc</subfield>
    <subfield code="y">0</subfield>
  </datafield>
  <datafield tag="952" ind1=" " ind2=" ">
    <subfield code="1">0</subfield>
    <subfield code="2">2018-08-15</subfield>
    <subfield code="4">0</subfield>
    <subfield code="7">0</subfield>
    <subfield code="a">620.5 NAN</subfield>
    <subfield code="d">2018-08-15</subfield>
    <subfield code="h">CL</subfield>
    <subfield code="i">00656680</subfield>
    <subfield code="m">CL</subfield>
    <subfield code="r">2018-08-15 00:00:00</subfield>
    <subfield code="t">BOOK</subfield>
    <subfield code="w">ddc</subfield>
    <subfield code="y">0</subfield>
  </datafield>
  <datafield tag="952" ind1=" " ind2=" ">
    <subfield code="1">0</subfield>
    <subfield code="2">2018-08-18</subfield>
    <subfield code="4">0</subfield>
    <subfield code="7">0</subfield>
    <subfield code="a">620.5 NAN</subfield>
    <subfield code="d">2018-08-18</subfield>
    <subfield code="h">SZM</subfield>
    <subfield code="i">00657096</subfield>
    <subfield code="m">SZM</subfield>
    <subfield code="r">2018-08-18 00:00:00</subfield>
    <subfield code="t">BOOK</subfield>
    <subfield code="w">ddc</subfield>
    <subfield code="y">0</subfield>
  </datafield>
  <datafield tag="952" ind1=" " ind2=" ">
    <subfield code="1">0</subfield>
    <subfield code="2">2018-08-18</subfield>
    <subfield code="4">0</subfield>
    <subfield code="7">0</subfield>
    <subfield code="a">620.5 NAN</subfield>
    <subfield code="d">2018-08-18</subfield>
    <subfield code="h">SZM</subfield>
    <subfield code="i">00657097</subfield>
    <subfield code="m">SZM</subfield>
    <subfield code="r">2018-08-18 00:00:00</subfield>
    <subfield code="t">BOOK</subfield>
    <subfield code="w">ddc</subfield>
    <subfield code="y">0</subfield>
  </datafield>
</record>
